000 00422 a2200109 4500
001 ART_10853
005 20260410161853.0
008 260409a
245 1 0 _aLa igualdad como condición de posibilidad de la democracia y la equidad social
100 1 _aCárcova, Carlos M.
773 0 _tFilosofía del derecho
_gCuestiones conceptuales, metodológicas y normativas - Año I, Nº 1 (mayo 2012)
_wREV10449
999 _c25172
_d25172